000 00849nam a2200265Ia 4500
003 OSt
005 20220924123611.0
006 a|||||r|||| 00| 0
007 ta
008 220923b |||||||| |||| 00| 0 san d
020 _a9789380829135 (hbk)
020 _c250
024 _a275511
037 _b139, 04/09/2013, Eastern Book Linkers
_cTextual
040 _aARTS
_cARTS
_bsan
041 _2san
_asan
082 _aR625xJ40,3,1, 15Q3
100 _aSadhukhan Sanjit Kumar Ed.
_9193266
245 0 _aAkhyatavada and nanvada along with tippani
260 _aNew Delhi
_b Dev Publishers & Distributors India
_c2013
490 _aPrakashika series; 3
650 _aPHILOSOPHY
942 _hR625xJ40,3,1, 15Q3
_cTEXL
_2CC
999 _c416375
_d416375